| 000 | 00715cam a22001571 4500 | ||
|---|---|---|---|
| 040 | _c380 FAO 1986 C162 Or. | ||
| 082 | 0 | _a380 FAO 1986 C162 Or. | |
| 100 | 1 | _aBandinel, James, | |
| 245 | 1 | 0 |
_aSome account of the trade in slaves from Africa _bas connected with Europe and America from the introduction of the trade into modern Europe down to the present time; especially with reference to the efforts made by the British government for its extinction. |
| 250 | _aFirst edition, new impression. | ||
| 300 |
_a4 unnumbered pages, v-xv, 323 pages ; _c22 cm. |
||
| 490 | 1 | _aCass library of African studies. Slavery series ; | |
| 500 | _aOriginally published, London, 1842. | ||
| 650 | 0 | _aSlave trade | |
| 942 | _cAEDBB | ||
| 999 |
_c19307 _d19307 |
||